Postbop jazz in the 1960s : the compositions of Wayne Shorter, Herbie Hancock, and Chick Corea /

Bibliographic Details
Main Author: Waters, Keith, 1958- (Author)
Corporate Author: EBSCOhost
Format: eBook
Language:English
Published: New York, NY : Oxford University Press, [2019]
Subjects:
Online Access:Connect to the full text of this electronic book

MARC

Tag First Indicator Second Indicator Subfields
LEADER 00000cam a22000001i 4500
001 in00004068942
005 20191021080030.0
006 m |o d |
007 cr |n|||||||||
008 190708s2019 nyu ob 001 0 eng d
020 |a 9780190604585 (electronic bk.) 
020 |a 0190604581 (electronic bk.) 
020 |z 9780190604578 
020 |z 0190604573 
024 8 |a 99981349135 
035 |a (NhCcYBP)EBSCO2160590 
040 |a NhCcYBP  |c NhCcYBP  |d UtOrBLW 
050 4 |a ML3508  |b .W39 2019 
082 0 4 |a 781.65/5  |2 23 
100 1 |a Waters, Keith,  |d 1958-  |e author.  |0 http://id.loc.gov/authorities/names/nr97020382 
245 1 0 |a Postbop jazz in the 1960s :  |b the compositions of Wayne Shorter, Herbie Hancock, and Chick Corea /  |c Keith Waters. 
264 1 |a New York, NY :  |b Oxford University Press,  |c [2019] 
300 |a 1 online resource. 
336 |a text  |b txt  |2 rdacontent 
337 |a computer  |b c  |2 rdamedia 
338 |a online resource  |b cr  |2 rdacarrier 
504 |a Includes bibliographical references and index. 
588 |a Description based on print version record. 
500 |a Electronic resource. 
600 1 0 |a Shorter, Wayne  |x Criticism and interpretation. 
600 1 0 |a Hancock, Herbie,  |d 1940-  |x Criticism and interpretation. 
600 1 0 |a Corea, Chick  |x Criticism and interpretation. 
650 0 |a Jazz  |y 1961-1970  |x History and criticism. 
650 0 |a Jazz  |y 1961-1970  |x Analysis, appreciation. 
655 7 |a Electronic books.  |2 local 
710 2 |a EBSCOhost. 
776 1 8 |c Original  |z 9780190604578  |z 0190604573  |w (DLC) 2018041389 
856 4 0 |u http://proxy.library.tamu.edu/login?url=http://search.ebscohost.com/login.aspx?direct=true&scope=site&db=nlebk&db=nlabk&AN=2160590  |z Connect to the full text of this electronic book  |t 0 
955 |a YBP purchased approval e-records 
980 |b 50.52  |g 1 
987 |a ybp300610249 
999 f f |s 70d9c166-770a-3d8f-807c-ecf319251946  |i 96114a00-c9d8-319f-9db9-6c56cb6ea4b9  |t 0 
952 f f |a Texas A&M University  |b College Station  |c Electronic Resources  |d Available Online  |t 0  |e ML3508 .W39 2019  |h Library of Congress classification 
998 f f |a ML3508 .W39 2019  |t 0  |l Available Online